=LDR 00000nam 2200000 4500 =001 INLIS00000000000076 =005 20260702043538 =020 ##$$a 978-602-5858-11-6 =082 ##$$a 038.585 =100 1#$$a Kelana, Irwan =245 1 $$a Unang Petani Teladan /$c Irwan Kelana =300 ##$$a 100 hlm ; 13 x 19 cm